Normal view
MARC view
- Riley, Orrin.
Entry Personal Name
001 - CONTROL NUMBER
- control field: 21140
003 - CONTROL NUMBER IDENTIFIER
- control field: NUST
005 - DATE AND TIME OF LATEST TRANSACTION
- control field: 20190924103216.0
008 - FIXED-LENGTH DATA ELEMENTS
- fixed length control field: 190924|| aca||aabn | a|a d
040 ## - CATALOGING SOURCE
- Original cataloging agency: NUST
- Transcribing agency: NUST
100 ## - HEADING--PERSONAL NAME
- Personal name: Riley, Orrin.
670 ## - SOURCE DATA FOUND
- Source citation: Work cat.: (NUST)0: Riley, Orrin., Concrete bridge deck durability., 1970.
